[Event "FRA-ch Seniors"]
[Site "Nancy"]
[Date "2013.08.12"]
[Round "1"]
[White "Ferrari, Guy"]
[Black "Daigremont, Jean Renaud"]
[Result "1/2-1/2"]
[WhiteElo "1714"]
[BlackElo "2033"]
[PlyCount "105"]
[EventDate "2013.08.11"]
[EventType "swiss"]
[EventRounds "11"]
[EventCountry "FRA"]
[SourceTitle "CBM 156 Extra"]
[Source "ChessBase"]
[SourceDate "2013.10.22"]
[SourceVersion "1"]
[SourceVersionDate "2013.10.22"]
[SourceQuality "1"]

1. e4 c5 2. Nf3 Nc6 3. d4 cxd4 4. Nxd4 Nf6 5. Nc3 e5 6. Nxc6 bxc6 7. Bd3 Bc5 8. 0-0 0-0 9. Qe2 Rb8 10. b3 Re8 11. Be3 Bd4 12. Bxd4 exd4 13. Nd1 d5 14. e5 Ng4 15. f4 f6 16. h3 Nh6 17. Qh5 fxe5 18. fxe5 Qe7 19. Re1 Be6 20. Nf2 Bf7 21. Qf3 Qg5 22. Ng4 Re6 23. Re2 Bh5 24. Nxh6+ Rxh6 25. g4 Bg6 26. Rf1 Qe7 27. Qg3 Bxd3 28. cxd3 Re8 29. Kg2 Re6 30. Rfe1 Rf8 31. Rf2 Rxf2+ 32. Kxf2 Qg5 33. Re2 h5 34. gxh5 Qxh5 35. Qg4 Rxe5 36. Rxe5 Qxe5 37. Qc8+ Kh7 38. Qxc6 Qe3+ 39. Kg2 Qe2+ 40. Kg1 Qxd3 41. Qxd5 Qe3+ 42. Kh2 Qe2+ 43. Kg3 Qe3+ 44. Kg2 d3 45. Qf5+ Kh6 46. Qf3 Qd2+ 47. Kf1 Qc1+ 48. Kf2 Qc2+ 49. Ke3 d2 50. Qf4+ g5 51. Qf6+ Kh7 52. Qf7+ Kh6 53. Qf6+ 1/2-1/2

[Event "FRA-ch Seniors"]
[Site "Pau"]
[Date "2012.08.14"]
[Round "1"]
[White "Ferrari, Guy"]
[Black "Weill, Roland"]
[Result "0-1"]
[WhiteElo "1744"]
[BlackElo "2185"]
[PlyCount "54"]
[EventDate "2012.08.14"]
[EventType "swiss"]
[EventRounds "11"]
[EventCountry "FRA"]
[SourceTitle "EXT 2013"]
[Source "ChessBase"]
[SourceDate "2012.11.22"]
[SourceVersion "1"]
[SourceVersionDate "2012.11.22"]
[SourceQuality "1"]

1. e4 Nc6 2. Nf3 e5 3. d4 exd4 4. Nxd4 Bc5 5. c3 Nf6 6. Bg5 h6 7. Nxc6 bxc6 8. Bxf6 Qxf6 9. Qf3 Qxf3 10. gxf3 Rb8 11. b3 d5 12. Nd2 0-0 13. Bd3 Bh3 14. Bf1 Be6 15. c4 Rbd8 16. b4 dxe4 17. fxe4 Bxf2+ 18. Kxf2 Rxd2+ 19. Ke3 Rfd8 20. Be2 c5 21. Rhd1 Rxe2+ 22. Kxe2 Bg4+ 23. Ke1 Rxd1+ 24. Rxd1 Bxd1 25. Kxd1 g5 26. Ke2 Kg7 27. Kf3 Kf6 0-1

[Event "Davos op"]
[Site "Davos"]
[Date "2008.08.15"]
[Round "6"]
[White "Ferrari, Guy"]
[Black "Sauter, Hinko"]
[Result "1-0"]
[WhiteElo "1736"]
[BlackElo "1574"]
[PlyCount "81"]
[EventDate "2008.08.10"]
[EventType "swiss"]
[EventRounds "7"]
[EventCountry "SUI"]
[SourceTitle "CBM 126 Extra"]
[Source "ChessBase"]
[SourceDate "2008.11.05"]
[SourceVersion "1"]
[SourceVersionDate "2008.11.05"]
[SourceQuality "1"]

1. e4 d6 2. d4 g6 3. f4 Bg7 4. Nf3 Bg4 5. Be2 Nf6 6. Nc3 c6 7. 0-0 b5 8. Qd3 b4 9. Nd1 0-0 10. Ne3 Bc8 11. c4 Nbd7 12. Bd2 c5 13. Rad1 Bb7 14. d5 a5 15. Bc1 Nb6 16. e5 Nfd7 17. exd6 exd6 18. b3 a4 19. Qc2 Qf6 20. Ng4 Qc3 21. Bd3 f5 22. Nf2 axb3 23. axb3 Bf6 24. Kh1 Qxc2 25. Bxc2 h6 26. g4 Bc3 27. Rg1 Kh7 28. gxf5 gxf5 29. Nh4 Ra2 30. Bb1 Rxf2 31. Nxf5 Kh8 32. Nxd6 Ba8 33. Ne4 Rf3 34. Rg6 Bg7 35. Rdg1 Rf7 36. Nd6 Re7 37. Nf5 Nxd5 38. cxd5 Bxd5 39. Nxe7 Ba8 40. Rxh6+ Bxh6 41. Rg8# 1-0

[Event "Davos op"]
[Site "Davos"]
[Date "2008.08.13"]
[Round "4"]
[White "Bebchuk, Leonid"]
[Black "Ferrari, Guy"]
[Result "1-0"]
[WhiteElo "2125"]
[BlackElo "1736"]
[PlyCount "93"]
[EventDate "2008.08.10"]
[EventType "swiss"]
[EventRounds "7"]
[EventCountry "SUI"]
[SourceTitle "CBM 126 Extra"]
[Source "ChessBase"]
[SourceDate "2008.11.05"]
[SourceVersion "1"]
[SourceVersionDate "2008.11.05"]
[SourceQuality "1"]

1. e4 c5 2. Nf3 d6 3. d4 cxd4 4. Nxd4 Nf6 5. Nc3 g6 6. Be3 Bg7 7. f3 0-0 8. Qd2 Nc6 9. 0-0-0 d5 10. Kb1 Nxd4 11. e5 Nc6 12. exf6 Bxf6 13. Nxd5 Bg7 14. Bc4 Be6 15. Bg5 Bxd5 16. Qxd5 Qb6 17. Qb5 Qc7 18. Qc5 Rac8 19. Bb3 e6 20. g3 Nd4 21. Qxc7 Rxc7 22. Rd3 Nxb3 23. axb3 Rfc8 24. c3 b5 25. Rhd1 h5 26. Rd8+ Rxd8 27. Rxd8+ Kh7 28. Be3 e5 29. Kc2 Bh6 30. Bxh6 Kxh6 31. Rd5 a6 32. Rxe5 Rc6 33. b4 Kg7 34. b3 Kf6 35. Re4 g5 36. c4 Kg6 37. c5 f5 38. Re5 h4 39. Kd3 Kf6 40. Kd4 Rc8 41. Rd5 g4 42. fxg4 fxg4 43. gxh4 Rh8 44. h5 Rg8 45. c6 g3 46. hxg3 Rxg3 47. c7 1-0

[Event "Davos op"]
[Site "Davos"]
[Date "2008.08.10"]
[Round "1"]
[White "Ferrari, Guy"]
[Black "Del Val, Moise"]
[Result "1-0"]
[WhiteElo "1736"]
[BlackElo "1909"]
[PlyCount "72"]
[EventDate "2008.08.10"]
[EventType "swiss"]
[EventRounds "7"]
[EventCountry "SUI"]
[SourceTitle "CBM 126 Extra"]
[Source "ChessBase"]
[SourceDate "2008.11.05"]
[SourceVersion "1"]
[SourceVersionDate "2008.11.05"]
[SourceQuality "1"]

1. e4 e6 2. d4 d5 3. Nd2 c6 4. c3 Ne7 5. Bd3 Ng6 6. Ne2 c5 7. 0-0 cxd4 8. Nxd4 Bc5 9. N2b3 Bxd4 10. Nxd4 0-0 11. exd5 Qxd5 12. Qe2 Nc6 13. Be4 Qd7 14. Nxc6 bxc6 15. Rd1 Qc7 16. g3 f5 17. Bc2 Kh8 18. Be3 e5 19. Bc5 Re8 20. Qh5 Qf7 21. Rd6 Be6 22. Rad1 Rac8 23. Rxe6 Rxe6 24. Bxf5 a5 25. Bxe6 Qxe6 26. Rd6 Qxa2 27. Qd1 Qg8 28. Qa1 Qe8 29. Qxa5 Nf8 30. Qa7 Ra8 31. Qb7 Ra1+ 32. Kg2 Ne6 33. Rxc6 Nd8 34. Rc8 Rd1 35. Bb6 Qb5 36. c4 Qe8 1-0

[Event "Lugano op"]
[Site "Lugano"]
[Date "2003.10.31"]
[Round "2"]
[White "Cammarota, Vittorio"]
[Black "Ferrari, Guy"]
[Result "1-0"]
[WhiteElo "1609"]
[BlackElo "1855"]
[PlyCount "93"]
[EventDate "2003.10.31"]
[EventType "swiss"]
[EventRounds "6"]
[EventCountry "SUI"]
[SourceTitle "EXT 2007"]
[Source "ChessBase"]
[SourceDate "2006.11.23"]
[SourceVersion "1"]
[SourceVersionDate "2006.11.23"]
[SourceQuality "1"]

1. d4 d5 2. Nf3 Nf6 3. e3 e6 4. Bd3 c5 5. b3 Nc6 6. a3 Be7 7. Bb2 0-0 8. Nbd2 b6 9. 0-0 Bb7 10. Ne5 cxd4 11. exd4 Rc8 12. Qe2 h6 13. f4 Qc7 14. Rae1 Nxe5 15. fxe5 Ne4 16. Nxe4 dxe4 17. Bxe4 Bxe4 18. Qxe4 Qxc2 19. Qxc2 Rxc2 20. Rf2 Rfc8 21. Ree2 Rxe2 22. Rxe2 Bg5 23. Kf2 Bc1 24. Kf3 Bxb2 25. Rxb2 Rc3+ 26. Ke2 Kh7 27. Kd2 Rc7 28. Rc2 Rxc2+ 29. Kxc2 Kg6 30. Kd3 Kf5 31. Kc4 Ke4 32. b4 a6 33. a4 f6 34. exf6 gxf6 35. a5 bxa5 36. bxa5 f5 37. Kc5 f4 38. h3 h5 39. h4 Kd3 40. d5 exd5 41. Kxd5 f3 42. gxf3 Ke3 43. Ke5 Kxf3 44. Kf5 Kg3 45. Kg5 Kf3 46. Kxh5 Ke4 47. Kg5 1-0

[Event "Lugano op"]
[Site "Lugano"]
[Date "2003.10.31"]
[Round "3"]
[White "Ferrari, Guy"]
[Black "Steffen, Helmut"]
[Result "1/2-1/2"]
[WhiteElo "1855"]
[BlackElo "1557"]
[PlyCount "77"]
[EventDate "2003.10.31"]
[EventType "swiss"]
[EventRounds "6"]
[EventCountry "SUI"]
[SourceTitle "EXT 2007"]
[Source "ChessBase"]
[SourceDate "2006.11.23"]
[SourceVersion "1"]
[SourceVersionDate "2006.11.23"]
[SourceQuality "1"]

1. e4 c5 2. Nf3 Nc6 3. d4 cxd4 4. Nxd4 e6 5. Nb5 d6 6. N1c3 a6 7. Nd4 Be7 8. Be3 Nf6 9. Be2 0-0 10. 0-0 Qc7 11. f4 Nxd4 12. Bxd4 b5 13. e5 dxe5 14. Bxe5 Qb6+ 15. Kh1 Bb7 16. Bf3 Rfd8 17. Qe2 Rd7 18. Rad1 Rad8 19. Rxd7 Rxd7 20. Rd1 Bxf3 21. Qxf3 Rxd1+ 22. Qxd1 Qc6 23. Qe2 b4 24. Bxf6 Bxf6 25. Nd1 g6 26. h3 h5 27. b3 Qd6 28. g3 e5 29. Nf2 exf4 30. Ne4 Qd5 31. gxf4 Kg7 32. Qd3 Bd4 33. Kh2 f5 34. Nd2 Qc5 35. Nf3 Bf6 36. Kg2 Kh6 37. h4 Qe7 38. Ng5 Kg7 39. Kh3 1/2-1/2

[Event "Uzes op"]
[Site "Uzes"]
[Date "1989.??.??"]
[Round "6"]
[White "Bourguet, Georges"]
[Black "Ferrari, Guy"]
[Result "1-0"]
[WhiteElo "2080"]
[BlackElo "1760"]
[PlyCount "63"]
[EventDate "1989.??.??"]
[EventType "swiss"]
[EventRounds "9"]
[EventCountry "FRA"]
[SourceTitle "EXT 1997"]
[Source "ChessBase"]
[SourceDate "1996.11.15"]
[SourceVersion "1"]
[SourceVersionDate "1996.11.15"]
[SourceQuality "1"]

1. e4 c6 2. d4 d5 3. Nd2 dxe4 4. Nxe4 Nd7 5. Ng5 Ndf6 6. Bd3 h6 7. N5f3 Bg4 8. h3 Bxf3 9. Nxf3 e6 10. Qe2 Bd6 11. Ne5 Nd5 12. 0-0 Ngf6 13. c4 Nb4 14. Bb1 Qc7 15. a3 Na6 16. b4 Nb8 17. f4 Nbd7 18. Bb2 b6 19. f5 0-0 20. fxe6 fxe6 21. Bc2 c5 22. Nxd7 Qxd7 23. dxc5 bxc5 24. b5 Rae8 25. Rad1 Qc7 26. Bxf6 gxf6 27. Qg4+ Kh8 28. Qg6 Be5 29. Qxh6+ Kg8 30. Rf3 Qg7 31. Qh5 Qg5 32. Qh7# 1-0